000 00569nam a2200157 4500
008 170321b xxu||||| |||| 00| 0 eng d
022 _a01153544
082 _aDPer 338.05 En86 Apr-Jul 2015 v. 15, n. 158-161
100 _919397
_aPoblete, Johanna
245 _aSweet respite:
_bEskaya resort offers a chance to really get away from it all/
_cJohanna Poblete.
260 _aPhilippines:
_bSummit Media,
_cApr-Jul 2015.
300 _av15 n159, page 79:
_billustrations,
_c28 cm.
500 _aEntrepreneur.
650 0 _919398
_aBusiness
_xResorts
942 _2ddc
_cPER
999 _c6424
_d6424